[Event "Landesliga Sued 0304"]
[Site "Bayern"]
[Date "2004.04.25"]
[Round "9.2"]
[White "Schmid, Guenter"]
[Black "Straub, Juergen"]
[Result "1-0"]
[WhiteElo "2272"]
[BlackElo "2241"]
[PlyCount "73"]
[EventDate "2003.10.12"]
[EventType "team-tourn"]
[EventRounds "9"]
[EventCountry "GER"]
[SourceTitle "EXT 2006"]
[Source "ChessBase"]
[SourceDate "2005.11.24"]
[SourceVersion "1"]
[SourceVersionDate "2005.11.24"]
[SourceQuality "1"]
[WhiteTeam "Pfarrkirchen SC"]
[BlackTeam "Ingolstadt"]
[WhiteTeamCountry "GER"]
[BlackTeamCountry "GER"]

1. e4 c5 2. c3 d5 3. exd5 Qxd5 4. d4 Nc6 5. Nf3 Nf6 6. Be2 cxd4 7. cxd4 e6 8. Nc3 Qa5 9. 0-0 Be7 10. a3 0-0 11. Be3 Nd5 12. Bd3 Nxc3 13. bxc3 Bf6 14. Qc2 g6 15. Rfb1 Qc7 16. h4 b6 17. Bh6 Bg7 18. Qd2 Bb7 19. Re1 Rfd8 20. Bxg7 Kxg7 21. h5 Qd6 22. Re4 Ne7 23. Rf4 Bxf3 24. Rxf3 Rac8 25. Re1 Ng8 26. Qg5 h6 27. Rxf7+ Kxf7 28. Qxg6+ Kf8 29. Rxe6 Qf4 30. Re3 Rc7 31. Be2 Rg7 32. Qb1 Rf7 33. Rf3 Qg5 34. Rg3 Qf5 35. Qb4+ Ne7 36. Bc4 Rg7 37. Rxg7 1-0

[Event "Bayern-ch 72nd"]
[Site "Freising"]
[Date "2001.09.06"]
[Round "7"]
[White "Krausser, Helmut"]
[Black "Schmid, Guenter"]
[Result "0-1"]
[WhiteElo "2155"]
[BlackElo "2268"]
[PlyCount "118"]
[EventDate "2001.09.01"]
[EventType "swiss"]
[EventRounds "9"]
[EventCountry "GER"]
[SourceTitle "EXT 2015"]
[Source "ChessBase"]
[SourceDate "2014.11.20"]
[SourceVersion "1"]
[SourceVersionDate "2014.11.20"]
[SourceQuality "1"]

1. e4 Nf6 2. Nc3 e5 3. d4 exd4 4. Qxd4 Nc6 5. Qe3 Bb4 6. Bd2 0-0 7. 0-0-0 Re8 8. Qg3 d6 9. f3 Ne5 10. Nge2 c6 11. Nf4 b5 12. Nd3 Nh5 13. Qf2 Ba5 14. Nxe5 dxe5 15. g4 Nf6 16. h4 Qc7 17. h5 Be6 18. g5 Nd7 19. g6 fxg6 20. hxg6 hxg6 21. Bh3 Nf6 22. Bxe6+ Rxe6 23. Qg2 Nh5 24. Qh3 Rae8 25. Rdg1 Qf7 26. Rg4 Rf6 27. Rf1 Bxc3 28. Bxc3 Qxa2 29. b3 Nf4 30. Rxf4 Rxf4 31. Qd7 Qa3+ 32. Kb1 Qe7 33. Qxc6 Qe6 34. Qxb5 a6 35. Qa5 Rf7 36. Kb2 Qc6 37. Bxe5 Qb5 38. Qxb5 axb5 39. Bc3 Rxe4 40. Rg1 Re6 41. Rg5 Rf5 42. f4 Kf7 43. Bd2 Rd6 44. Be3 Rc6 45. Bd2 Ke8 46. Be3 Kd7 47. c3 Re6 48. Bd4 b4 49. cxb4 Rxf4 50. Bxg7 Rxb4 51. Bc3 Rf4 52. Rg3 Rfe4 53. b4 Re3 54. Rg1 Kc6 55. Bd4 Rf3 56. Kc2 Kb5 57. Bc5 Re2+ 58. Kd1 Ra2 59. Ke1 Rb3 0-1

[Event "Bayern-ch 72nd"]
[Site "Freising"]
[Date "2001.09.04"]
[Round "4"]
[White "Schmid, Guenter"]
[Black "Bauer, Robert"]
[Result "0-1"]
[WhiteElo "2268"]
[BlackElo "2048"]
[PlyCount "82"]
[EventDate "2001.09.01"]
[EventType "swiss"]
[EventRounds "9"]
[EventCountry "GER"]
[SourceTitle "EXT 2015"]
[Source "ChessBase"]
[SourceDate "2014.11.20"]
[SourceVersion "1"]
[SourceVersionDate "2014.11.20"]
[SourceQuality "1"]

1. d4 c5 2. e4 cxd4 3. Nf3 d6 4. Nxd4 Nf6 5. Nc3 g6 6. Be3 Bg7 7. f3 Nc6 8. Qd2 0-0 9. Bc4 Bd7 10. Bb3 Rc8 11. h4 h5 12. 0-0-0 Qa5 13. Kb1 Rfe8 14. Nxc6 bxc6 15. Bd4 c5 16. Bxf6 Bxf6 17. Nd5 Qxd2 18. Nxf6+ exf6 19. Rxd2 c4 20. Rxd6 Re7 21. Bxc4 Rxc4 22. Rxf6 Be6 23. Rf4 Rd4 24. Kc1 Red7 25. g4 hxg4 26. fxg4 Bd5 27. Rhf1 Rxe4 28. b3 Rde7 29. c4 Rxf4 30. Rxf4 Re4 31. Rxe4 Bxe4 32. Kd2 f6 33. b4 g5 34. hxg5 fxg5 35. Ke3 Bb1 36. b5 Bxa2 37. Kd4 Kf7 38. c5 Ke6 39. c6 Kd6 40. Ke4 Be6 41. c7 Bxg4 0-1

[Event "Niederbayern-chA"]
[Site "Bayern"]
[Date "1995.??.??"]
[Round "7"]
[White "Schmid, Guenter"]
[Black "Bensch, Patrick"]
[Result "0-1"]
[WhiteElo "2320"]
[BlackElo "2255"]
[PlyCount "108"]
[EventDate "1995.??.??"]
[EventType "swiss"]
[EventRounds "9"]
[EventCountry "GER"]
[SourceTitle "EXT 2001"]
[Source "ChessBase"]
[SourceDate "2000.11.22"]
[SourceVersion "1"]
[SourceVersionDate "2000.11.22"]
[SourceQuality "1"]

1. e4 c5 2. Nf3 Nc6 3. d4 cxd4 4. Nxd4 Nf6 5. Nc3 e5 6. Ndb5 d6 7. Bg5 a6 8. Na3 b5 9. Bxf6 gxf6 10. Nd5 f5 11. Bd3 Be6 12. 0-0 Bxd5 13. exd5 Ne7 14. c3 Bg7 15. Qh5 Qc8 16. Rae1 0-0 17. Re3 e4 18. Bc2 Nxd5 19. Rg3 Nf4 20. Qd1 Qc5 21. Kh1 Qe5 22. Re1 Kh8 23. f3 d5 24. Qd2 Bf6 25. fxe4 fxe4 26. Rf1 Ng6 27. Bb3 Bh4 28. Rh3 Bg5 29. Qd1 Nf4 30. Rg3 e3 31. Qf3 e2 32. Re1 Bh4 33. Nc2 Bxg3 34. hxg3 Qh5+ 35. Kg1 Qxf3 36. gxf3 Rg8 37. Kh2 Rg6 38. Nd4 Rag8 39. Nf5 Rg5 40. Bc2 Rh5+ 41. Kg1 Rxf5 42. Bxf5 Rxg3+ 43. Kf2 Rg5 44. Bb1 h5 45. Rh1 Re5 46. Bc2 Ng2 47. Kxg2 e1Q 48. Rxe1 Rxe1 49. Bb3 Kg8 50. Bxd5 Re2+ 51. Kg3 Rxb2 52. c4 Rxa2 53. cxb5 Ra5 54. f4 axb5 0-1

[Event "Landesliga Sued 9495"]
[Site "Bayern"]
[Date "1994.12.04"]
[Round "3.1"]
[White "Reilein, Christian"]
[Black "Schmid, Guenter"]
[Result "1-0"]
[WhiteElo "2315"]
[BlackElo "1640"]
[PlyCount "69"]
[EventDate "1994.10.09"]
[EventType "team-tourn"]
[EventRounds "9"]
[EventCountry "GER"]
[SourceTitle "EXT 2020"]
[Source "ChessBase"]
[SourceDate "2019.10.17"]
[SourceVersion "1"]
[SourceVersionDate "2019.10.17"]
[SourceQuality "1"]
[WhiteTeam "Ingolstadt"]
[BlackTeam "Landshut"]
[WhiteTeamCountry "GER"]
[BlackTeamCountry "GER"]

1. d4 d5 2. Nf3 c5 3. c4 e6 4. cxd5 exd5 5. g3 Nc6 6. Bg2 Nf6 7. Nc3 Be7 8. 0-0 0-0 9. b3 Ne4 10. Bb2 Bf6 11. e3 Bg4 12. Ne2 Rc8 13. Ne5 Bxe2 14. Qxe2 Re8 15. Nxc6 Rxc6 16. dxc5 Rxc5 17. Rac1 b6 18. Rfd1 Bxb2 19. Qxb2 Nf6 20. b4 Rxc1 21. Rxc1 Qd7 22. Qc3 h5 23. h3 Qf5 24. Qc7 g5 25. Qxa7 Ne4 26. Bxe4 dxe4 27. Qxb6 Kh7 28. Rc5 Qf3 29. Qd6 Re6 30. Qd2 h4 31. Rxg5 hxg3 32. Rxg3 Rg6 33. Rxg6 fxg6 34. Qd7+ Kh6 35. Qg4 1-0

[Event "BL qual"]
[Site "Germany"]
[Date "1991.??.??"]
[Round "?.3"]
[White "Schmid, Guenter"]
[Black "Schnaebele, Uwe"]
[Result "1/2-1/2"]
[WhiteElo "2310"]
[BlackElo "2315"]
[PlyCount "95"]
[EventDate "1991.??.??"]
[EventType "team-tourn"]
[EventRounds "3"]
[EventCountry "GER"]
[SourceTitle "TD"]
[Source "ChessBase"]
[SourceDate "1994.03.01"]
[SourceVersion "1"]
[SourceVersionDate "1994.03.01"]
[SourceQuality "1"]
[WhiteTeam "Regensburg Fortuna"]
[BlackTeam "Hofheim"]
[WhiteTeamCountry "GER"]
[BlackTeamCountry "GER"]

1. e4 g6 2. d4 Bg7 3. Nc3 d6 4. Be3 c6 5. Qd2 Nd7 6. a4 Qa5 7. Nd1 Qxd2+ 8. Kxd2 Ngf6 9. f3 e5 10. Kc1 0-0 11. dxe5 Nxe5 12. Bd4 Re8 13. Ne2 d5 14. f4 Ned7 15. e5 Ne4 16. Ng3 Nec5 17. Be2 f6 18. exf6 Bxf6 19. Bxf6 Nxf6 20. Bd3 Nxd3+ 21. cxd3 Bd7 22. Kd2 Re7 23. Nf2 a5 24. Rhe1 Rae8 25. Rxe7 Rxe7 26. Rc1 Ne8 27. Ne2 Nd6 28. Nd4 Kf8 29. Nd1 Re8 30. Ne3 Rc8 31. Nf3 b5 32. Ne5 Ke7 33. axb5 Nxb5 34. Re1 Be6 35. Nc2 Kf6 36. Ra1 g5 37. Rxa5 gxf4 38. Nf3 Bg4 39. Nce1 Bxf3 40. Nxf3 Rg8 41. Ne1 Nd4 42. Ra7 h6 43. Rc7 Ke5 44. Re7+ Kf6 45. Rc7 Ke5 46. Re7+ Kf6 47. Rc7 Ke5 48. Re7+ 1/2-1/2

[Event "BL2-Sued 9091"]
[Site "Germany"]
[Date "1991.??.??"]
[Round "?.3"]
[White "Schmid, Guenter"]
[Black "Weigel, Robert"]
[Result "1-0"]
[WhiteElo "2310"]
[BlackElo "2310"]
[PlyCount "79"]
[EventDate "1990.10.??"]
[EventType "team-tourn"]
[EventRounds "9"]
[EventCountry "GER"]
[SourceTitle "GER-chT2"]
[Source "ChessBase"]
[SourceDate "1999.07.01"]
[SourceVersion "1"]
[SourceVersionDate "1999.07.01"]
[SourceQuality "1"]
[WhiteTeam "Regensburg"]
[BlackTeam "Sendling"]
[WhiteTeamCountry "GER"]
[BlackTeamCountry "GER"]

1. d4 Nf6 2. Nf3 c5 3. d5 e6 4. c4 exd5 5. cxd5 d6 6. Nc3 g6 7. e4 Bg7 8. h3 0-0 9. Bd3 b6 10. 0-0 Ba6 11. Bf4 Re8 12. a4 Qe7 13. e5 dxe5 14. Bxe5 Qb7 15. Bb5 Rd8 16. Qe2 Bxb5 17. axb5 Nbd7 18. Qc4 Ne8 19. Bh2 Bf8 20. Rfe1 Nd6 21. Bxd6 Bxd6 22. Ne4 Qc7 23. Qc3 Re8 24. Rad1 Re7 25. Nxd6 Rxe1+ 26. Qxe1 Qxd6 27. Ng5 Nf6 28. Ne4 Nxe4 29. Qxe4 Rd8 30. f4 Rd7 31. Qe5 f6 32. Qe8+ Kg7 33. Qc8 Rc7 34. Qb8 f5 35. b3 Rd7 36. Qe8 Re7 37. Qc6 Rd7 38. Re1 Qxd5 39. Re7+ Kh6 40. Qxd7 1-0

[Event "Bundesliga 8990"]
[Site "Germany"]
[Date "1990.??.??"]
[Round "?.6"]
[White "Hertneck, Gerald"]
[Black "Schmid, Guenter"]
[Result "1-0"]
[WhiteElo "2480"]
[BlackElo "2315"]
[PlyCount "121"]
[EventDate "1989.10.??"]
[EventType "team-tourn"]
[EventRounds "15"]
[EventCountry "GER"]
[SourceTitle "GER-chT"]
[Source "ChessBase"]
[SourceDate "1999.07.01"]
[SourceVersion "1"]
[SourceVersionDate "1999.07.01"]
[SourceQuality "1"]
[WhiteTeam "Bayern Muenchen"]
[BlackTeam "Regensburg"]
[WhiteTeamCountry "GER"]
[BlackTeamCountry "GER"]

1. d4 Nf6 2. c4 g6 3. Nc3 Bg7 4. e4 d6 5. Be2 0-0 6. Nf3 e5 7. 0-0 Nc6 8. d5 Ne7 9. Nd2 c5 10. Rb1 Ne8 11. b4 b6 12. bxc5 dxc5 13. a4 Bd7 14. a5 Nc8 15. Qb3 Ned6 16. Qa3 Ne7 17. Nd1 f5 18. f3 Kh8 19. Nf2 Ng8 20. Bb2 Qg5 21. Bc3 Qe7 22. Rb3 Rfe8 23. Ra1 Rab8 24. axb6 axb6 25. Qb2 Nc8 26. Nd3 f4 27. Ra6 Rb7 28. d6 Qxd6 29. Nxf4 Ba4 30. Nxg6+ Qxg6 31. Rxa4 Qg5 32. Nf1 Rd7 33. Bd2 Qd8 34. Raa3 Nge7 35. Rd3 Nc6 36. Bg5 Qc7 37. Rxd7 Qxd7 38. Ne3 Nd4 39. Nd5 Nd6 40. Nxb6 Qb7 41. Bf1 h6 42. Bc1 Rb8 43. Na4 Qb4 44. Qc3 Nb3 45. Qxb4 Rxb4 46. Be3 Nd4 47. Nxc5 Nxc4 48. Bxc4 Rxc4 49. Bxd4 exd4 50. Ne6 Be5 51. f4 Bd6 52. Ra8+ Kh7 53. Rd8 Bb4 54. Kf1 Bc3 55. Ke2 Ra4 56. f5 h5 57. Kf3 Ra3 58. Kf4 d3 59. Rxd3 Be5+ 60. Ke3 Rxd3+ 61. Kxd3 1-0

[Event "Bundesliga 8990"]
[Site "Germany"]
[Date "1990.??.??"]
[Round "?.7"]
[White "Schmid, Guenter"]
[Black "Ostermeyer, Peter"]
[Result "1/2-1/2"]
[WhiteElo "2315"]
[BlackElo "2465"]
[PlyCount "76"]
[EventDate "1989.10.??"]
[EventType "team-tourn"]
[EventRounds "15"]
[EventCountry "GER"]
[SourceTitle "GER-chT"]
[Source "ChessBase"]
[SourceDate "1999.07.01"]
[SourceVersion "1"]
[SourceVersionDate "1999.07.01"]
[SourceQuality "1"]
[WhiteTeam "Regensburg"]
[BlackTeam "Koeln Porz"]
[WhiteTeamCountry "GER"]
[BlackTeamCountry "GER"]

1. e4 c5 2. c3 d5 3. exd5 Qxd5 4. d4 e6 5. Nf3 Nf6 6. Be2 cxd4 7. cxd4 Nc6 8. 0-0 Be7 9. Nc3 Qd8 10. Be3 0-0 11. Ne5 Nb4 12. Bg5 Nbd5 13. Bd3 Nd7 14. Bd2 Nxc3 15. Bxc3 Nf6 16. Qf3 Nd5 17. Be4 Qd6 18. Rfe1 f5 19. Bxd5 Qxd5 20. Qxd5 exd5 21. Ng6 hxg6 22. Rxe7 Rd8 23. Bd2 Bd7 24. Ba5 b6 25. Bd2 Be8 26. Rc1 Rd7 27. Rxd7 Bxd7 28. Rc7 Be8 29. Bf4 a6 30. Be5 Bf7 31. h4 b5 32. Kh2 Re8 33. Kg3 Re6 34. Kf4 Rb6 35. Rc8+ Kh7 36. Rc7 Kg8 37. Rc8+ Kh7 38. Rc7 Kg8 1/2-1/2

[Event "Bundesliga 8990"]
[Site "Germany"]
[Date "1989.??.??"]
[Round "?.6"]
[White "Biebinger, Gerhard"]
[Black "Schmid, Guenter"]
[Result "0-1"]
[WhiteElo "2290"]
[BlackElo "2315"]
[PlyCount "78"]
[EventDate "1989.10.??"]
[EventType "team-tourn"]
[EventRounds "15"]
[EventCountry "GER"]
[SourceTitle "GER-chT"]
[Source "ChessBase"]
[SourceDate "1999.07.01"]
[SourceVersion "1"]
[SourceVersionDate "1999.07.01"]
[SourceQuality "1"]
[WhiteTeam "Kirchheim"]
[BlackTeam "Regensburg"]
[WhiteTeamCountry "GER"]
[BlackTeamCountry "GER"]

1. c4 g6 2. Nc3 Bg7 3. g3 Nf6 4. Bg2 0-0 5. d4 d6 6. e3 Nbd7 7. Nge2 e5 8. b3 Re8 9. h3 h5 10. a4 e4 11. a5 a6 12. Qc2 Qe7 13. Nf4 c6 14. Ba3 Nf8 15. Rd1 Bf5 16. d5 c5 17. Na4 N6d7 18. b4 cxb4 19. Bxb4 g5 20. Ne2 Ne5 21. 0-0 Nd3 22. Qb3 Nd7 23. Qa3 Be5 24. Nc1 Nxb4 25. Qxb4 h4 26. g4 Bg6 27. Ne2 f5 28. gxf5 Bxf5 29. Nd4 Bxd4 30. Rxd4 Ne5 31. Kh1 Nd3 32. Qb6 g4 33. Rxd3 exd3 34. hxg4 h3 35. Bxh3 Qh4 36. Kg2 Bxg4 37. Rh1 Rad8 38. f3 Bxf3+ 39. Kh2 Qf2+ 0-1

[Event "Bundesliga 8990"]
[Site "Germany"]
[Date "1989.??.??"]
[Round "?.7"]
[White "Franke, Heribert"]
[Black "Schmid, Guenter"]
[Result "1-0"]
[WhiteElo "2370"]
[BlackElo "2315"]
[PlyCount "67"]
[EventDate "1989.10.??"]
[EventType "team-tourn"]
[EventRounds "15"]
[EventCountry "GER"]
[SourceTitle "GER-chT"]
[Source "ChessBase"]
[SourceDate "1999.07.01"]
[SourceVersion "1"]
[SourceVersionDate "1999.07.01"]
[SourceQuality "1"]
[WhiteTeam "Sindelfingen"]
[BlackTeam "Regensburg"]
[WhiteTeamCountry "GER"]
[BlackTeamCountry "GER"]

1. d4 Nf6 2. Bg5 Ne4 3. Bf4 d5 4. Nd2 Nxd2 5. Qxd2 Nd7 6. e3 e6 7. Nf3 Be7 8. Bd3 0-0 9. 0-0 Re8 10. c4 c6 11. Rac1 a5 12. Rfd1 Nf8 13. e4 Ng6 14. Bg3 dxc4 15. Bxc4 b5 16. Bf1 Bb4 17. Qc2 Bb7 18. h4 Rc8 19. h5 Nf8 20. Ne5 Bd6 21. Qb3 f6 22. Ng4 Bxg3 23. Qxg3 Kh8 24. h6 Ng6 25. hxg7+ Kxg7 26. e5 f5 27. Nf6 Rh8 28. Be2 Qe7 29. Bh5 Qf7 30. Rc5 Rhd8 31. Qg5 Qe7 32. Rd3 f4 33. g3 Rd5 34. gxf4 1-0

[Event "BL2-Sued 8889"]
[Site "Germany"]
[Date "1989.??.??"]
[Round "?.6"]
[White "Pieper, Thomas"]
[Black "Schmid, Guenter"]
[Result "1-0"]
[WhiteElo "2250"]
[BlackElo "2315"]
[PlyCount "45"]
[EventDate "1988.10.??"]
[EventType "team-tourn"]
[EventRounds "9"]
[EventCountry "GER"]
[SourceTitle "GER-chT2"]
[Source "ChessBase"]
[SourceDate "1999.07.01"]
[SourceVersion "1"]
[SourceVersionDate "1999.07.01"]
[SourceQuality "1"]
[WhiteTeam "Ulm"]
[BlackTeam "Regensburg"]
[WhiteTeamCountry "GER"]
[BlackTeamCountry "GER"]

1. e4 c5 2. Nf3 Nc6 3. d4 cxd4 4. Nxd4 Nf6 5. Nc3 e5 6. Ndb5 d6 7. Bg5 a6 8. Na3 b5 9. Bxf6 gxf6 10. Nd5 f5 11. c3 Bg7 12. exf5 Bxf5 13. Nc2 0-0 14. Nce3 Be4 15. a4 Ne7 16. Be2 Nxd5 17. Nxd5 Qg5 18. Bf3 Bxf3 19. Qxf3 e4 20. Qf5 Qxg2 21. Ke2 bxa4 22. Nf6+ Bxf6 23. Rhg1 1-0

[Event "Bundesliga 8990"]
[Site "Germany"]
[Date "1989.??.??"]
[Round "?.7"]
[White "Rahls, Peter"]
[Black "Schmid, Guenter"]
[Result "0-1"]
[WhiteElo "2215"]
[BlackElo "2315"]
[PlyCount "136"]
[EventDate "1989.10.??"]
[EventType "team-tourn"]
[EventRounds "15"]
[EventCountry "GER"]
[SourceTitle "GER-chT"]
[Source "ChessBase"]
[SourceDate "1999.07.01"]
[SourceVersion "1"]
[SourceVersionDate "1999.07.01"]
[SourceQuality "1"]
[WhiteTeam "Zehlendorf"]
[BlackTeam "Regensburg"]
[WhiteTeamCountry "GER"]
[BlackTeamCountry "GER"]

1. e4 e5 2. Nc3 Nf6 3. g3 d5 4. exd5 Nxd5 5. Bg2 Nxc3 6. bxc3 Bd6 7. Ne2 0-0 8. 0-0 Nd7 9. Rb1 c6 10. d3 Nf6 11. c4 h6 12. f4 exf4 13. Nxf4 Bc5+ 14. Kh1 Ng4 15. Qf3 Re8 16. h3 Ne3 17. Bxe3 Rxe3 18. Qh5 Qg5 19. Rbe1 g6 20. Qxg5 hxg5 21. Rxe3 Bxe3 22. Ne2 Bd7 23. Nc3 f5 24. Bf3 Bd2 25. Ne2 Re8 26. Rd1 Bb4 27. Kg2 Bd6 28. Kf2 Kf7 29. d4 Rh8 30. Bg2 Re8 31. c5 Bf8 32. Rb1 Bc8 33. Nc1 f4 34. gxf4 gxf4 35. Bf3 Be7 36. Nd3 Bf6 37. Bg4 Bxd4+ 38. Kf1 b5 39. Bxc8 Rxc8 40. Re1 Be3 41. Kg2 Kf6 42. Kf3 Kf5 43. a4 Rh8 44. Kg2 b4 45. a5 Rb8 46. Kf3 Rb5 47. h4 b3 48. cxb3 Rxb3 49. Ke2 Rc3 50. Rb1 Bxc5 51. Nxc5 Rxc5 52. Rg1 Rc2+ 53. Kd3 Rh2 54. Rg5+ Kf6 55. Rc5 Rxh4 56. Rxc6+ Kf5 57. Rc7 Rh3+ 58. Kc4 Ra3 59. Rxa7 g5 60. Kb4 Ra1 61. Kb3 Rb1+ 62. Kc2 Rb5 63. a6 Ra5 64. Rf7+ Ke4 65. Re7+ Kf3 66. a7 g4 67. Kb3 g3 68. Rc7 g2 0-1

[Event "Bundesliga 8990"]
[Site "Germany"]
[Date "1989.??.??"]
[Round "?.7"]
[White "Schmid, Guenter"]
[Black "Paulsen, Dirk"]
[Result "1-0"]
[WhiteElo "2315"]
[BlackElo "2295"]
[PlyCount "69"]
[EventDate "1989.10.??"]
[EventType "team-tourn"]
[EventRounds "15"]
[EventCountry "GER"]
[SourceTitle "GER-chT"]
[Source "ChessBase"]
[SourceDate "1999.07.01"]
[SourceVersion "1"]
[SourceVersionDate "1999.07.01"]
[SourceQuality "1"]
[WhiteTeam "Regensburg"]
[BlackTeam "Lasker Steglitz"]
[WhiteTeamCountry "GER"]
[BlackTeamCountry "GER"]

1. d4 Nf6 2. Bg5 c5 3. Bxf6 gxf6 4. dxc5 e6 5. Nc3 f5 6. e4 Bxc5 7. Qf3 Nc6 8. 0-0-0 Ne5 9. Qh5 Bxf2 10. Nh3 Qh4 11. Qe2 Bb6 12. exf5 Ng4 13. Kb1 Ne3 14. fxe6 dxe6 15. Rd3 Nf5 16. g3 Qe7 17. Bg2 Bd7 18. Rf1 Nd4 19. Qe5 0-0-0 20. Rxd4 Bxd4 21. Qxd4 Bb5 22. Qxa7 Bxf1 23. Qa8+ Kd7 24. Qxb7+ Ke8 25. Qc6+ Kf8 26. Bxf1 h5 27. Qf3 h4 28. Nf4 Rg8 29. Bc4 Kg7 30. a3 hxg3 31. hxg3 Rb8 32. Ne4 Rgc8 33. Bb3 Qc7 34. Nxe6+ fxe6 35. Qf6+ 1-0